000 00535nam a2200193Ia 4500
005 20250508150623.0
008 008 250505s9999 xx 000 0 eng d
037 _aTextual
040 _aFEDL
_beng
_cFEDL
041 _aeng
_2eng
084 _a157.9, ZIL
_qFEDL
100 _aZilboorg Gregory
245 0 _aHistory of medical psychology
260 _aNew York, USA
_bW. W. Norton and Company
_c1941
300 _a606p.
650 _aAbnormal Psychology
942 _cTEXL
_h157.9, ZIL
999 _c1324626
_d1324626